000
00197 a2200097 4500
001
47250
100
_a
245
_a
History of World Art
260
_a
New York
_b
Oxford
_c
090
_c
30296
_d
30296
942
_a
NUST-CAE
_c
M
_c
22554
999
_c
282323
_d
282323